000 013990000a22002770004500
003 EG-GICUC
005 20250223025251.0
008 080512s2006 ua d f m 000 0 ara d
040 _aEG-GICUC
_bara
_cEG-GICUC
041 0 _aAra
049 _aاهداء
097 _aماجستير
099 _aCai01.05.01.M.Sc.2006.ال.ا
100 0 _aالسيد يوسف السيد رجب
245 1 0 _aاثر العوامل الشخصية والتنظيمية على اتجاهات الافراد نحو الحكومة الالكترونية /
_cالسيد يوسف السيد رجب ؛ اشراف عبدالحميد عبدالفتاح المغربى : منى محمد ابراهيم البطل
246 1 5 _aThe effect of the personal and organizational factors on individuals attitudes towards the electronic government
260 _aبورسعيد :
_bالسيد يوسف السيد رجب :
_c2006
300 _a190ص :
_bرسوم بيانية ؛
_c25سم
502 _aاطروحة (ماجستير) - جامعة قناة السويس - كلية التجارة ببورسعيد - قسم ادارة الاعمال
700 0 _aعبدالحميد عبدالفتاح المغربى :
_eمشرف
700 0 _aمنى محمد ابراهيم البطل :
_eمشرف
856 _uhttp://172.23.153.220/th.pdf
905 _aFatma
_eCataloger
905 _aNazla
_eRevisor
942 _2ddc
_cTH
999 _c9271
_d9271